Μαρία Στιούαρτ
Αποθηκεύτηκε σε:
| Κύριος συγγραφέας: | |
|---|---|
| Μορφή: | Βιβλίο |
| Γλώσσα: | Greek German |
| Δημοσίευση: |
[Αθήνα] :
Πάπυρος,
c1995.
|
| Σειρά: | (Βιβλιοθήκη ιστορικών έργων ;
7) |
| Θέματα: | |
| Ετικέτες: |
Προσθήκη ετικέτας
Δεν υπάρχουν, Καταχωρήστε ετικέτα πρώτοι!
|
MARC
| LEADER | 00000cam a2200000 a 4500 | ||
|---|---|---|---|
| 001 | 1/123786 | ||
| 008 | 211022s1995####gr | ||| |||| ||gre|| | ||
| 040 | |a GR-MyUa |b gre |c GR-MyUa |e AACR2 | ||
| 041 | 1 | |a gre |h ger | |
| 082 | 7 | |a 923 |2 (23) | |
| 100 | 1 | |a Zweig, Stefan, |d 1881-1942. | |
| 245 | 1 | 0 | |a Μαρία Στιούαρτ / |c Στέφαν Τσβάιχ ; μετάφραση Φούλα Χατζιδάκη. |
| 260 | |a [Αθήνα] : |b Πάπυρος, |c c1995. | ||
| 300 | |a 394 σ. ; |c 24 εκ. | ||
| 490 | 0 | |a (Βιβλιοθήκη ιστορικών έργων ; |v 7) | |
| 600 | 0 | 0 | |a Mary, |c Queen of Scots, |d 1542-1587. |
| 600 | 0 | 0 | |a Elizabeth |b I, |c Queen of England, |d 1533-1603. |
| 970 | |a Κοντού |b Παρασκευή |z 22/10/2021 | ||